000 00621nam a2200145Ia 4500
008 100415s9999 xx 000 0 und d
082 _b5461
_a595.76(54)
100 _aMaulik S
245 _aThe Fauna of British India, including Ceylon and Burma Coleoptera Chrysomelidae (Hispinae and Cassidinae)
260 _aLONDON
_c1919
_bTAYLOR & FRANCIS
365 _b0
630 _aThe Fauna of British India, including Ceylon and Burma Coleoptera Chrysomelidae (Hispinae and Cassidinae)
730 _aThe Fauna of British India, including Ceylon and Burma Coleoptera Chrysomelidae (Hispinae and Cassidinae)
942 _cBOOK
999 _c588441
_d588438